1636 1941 1737 1929 1574 1524 1914 1621 1252 1974 1849 1267 1908 1931 1470 1425 1893 1153 1144 1995 1468 1117 1029 1953 1751 1758 1845 1401 1411 1882 1250 1988 1672 1773 1222 1534 1286 1072 1390 1598 1950 1741 1380 1547 1474 1672 1736 1868 1800 1223 1407 1714 1409 1009 1811 1941 1963 1555 1823 1133 1532 1021 1464 1674 1529 1286 1654 1630 1786 1863 1246 1357 1485 1551 1014 1605 1489 1814 1516 1217 1385 1982 1503 1102 1250 1885 1769 1706 1154 1561 1941 1716 1793 1383 1017 1353 1103 1442 1946 BCNSPRNW ULIB Ver.6.0+V

เปลี่ยนเป็นภาษาไทย

Change to English
 แสดงรายละเอียดบรรณานุกรม
  กลับหน้าหลัก

Brief Record : Get Marc (ISO 2709) : E-mail record : QR code < ปิดหน้าต่าง
LEADER : 00000nam 2200000uu 4500
001    13399126091
003     ULIB
008    020711s2018 th a 000 0 eng d
020    ^a9780323525091
060    ^aQV39^bS257
245    ^aSaunders Nursing Drug Handbook 2018
260    ^aLouis, Missouri :^bElsevier Limited,^c2018
300    ^a1322 pages;^b21 cm
650    ^aNursing Pharmacology^xNursing Drug
945    ^p1130^l0^i004099
999    ^aประนอม เกษจรัล
รายการนี้ยังไม่มีแท็ก
คุณยังไม่ได้ล็อกอิน คุณสามารถมีกิจกรรมร่วมกับเว็บไซต์ได้ แต่ต้องล็อกอินก่อน ::
  ล็อกอิน

รายการสื่อสารสนเทศ

ลำดับที่ ประเภท เลขเรียก/บาร์โค้ด สถานที่ สถานะ
1. วิทยาศาสตร์การแพทย์ และสุขภาพ
หนังสือสำรอง
สถานะ=หนังสือสำรอง
QV39 S257 ฉ.1 
  Barcode: 004099
ห้องสมุดวิทยาเขตสวรรค์ประชารักษ์
►หนังสือทั่วไป
บนชั้น

รายการใกล้เคียง
    ชื่อเรื่อง [Saunders Nursing Drug Handbook 2018]

BibComment


ยังไม่เคยถูกคอมเมนท์

คอมเมนท์ทรัพยากรรายการนี้
  คอมเมนท์: Saunders Nursing..


 Copyright 2026. Bcnsprnw @Library